|
|
|
|
| LEADER |
00000cam a2200000 7i4500 |
| 001 |
0000001010 |
| 005 |
20131207.0 |
| 090 |
0 |
0 |
|a 584.9
|b GNA 1994
|
| 100 |
1 |
0 |
|a GNANAHARAN
|h R.
|
| 245 |
1 |
0 |
|a Bending strength of guadua bamboo :
|b Comparison of different testing procedures
|c R. Gnanaharan, Jules J. A. Janssen and Oscar Arce'
|
| 260 |
0 |
0 |
|a New Delhi, India :
|b International Network for Bamboo and Rattan ,
|c 1994
|
| 300 |
|
|
|a 24 p. :
|b col. ill. ;
|c 28 cm.
|
| 440 |
0 |
0 |
|a INBAR working paper ; n. 3
|
| 500 |
0 |
0 |
|a Bibliography : [p. 23-24]
|
| 650 |
0 |
0 |
|a Bamboo
|
| 700 |
0 |
1 |
|a Arce'
|h Oscar
|
| 700 |
0 |
1 |
|a JANSSEN
|h Jules J. A.
|
| 710 |
1 |
1 |
|a International Network for Bamboo and Rattan (INBAR)
|
| 998 |
|
|
|a JPSM
|
| 999 |
|
|
|a 0000003050
|b Monograph
|c Open Shelf
|e Default branch
|